Accounting and finance in business/ (Record no. 9355)
[ view plain ]
| 000 -LEADER | |
|---|---|
| fixed length control field | 00666cac a22002291u 4500 |
| 090 ## - LOCALLY ASSIGNED LC-TYPE CALL NUMBER (OCLC); LOCAL CALL NUMBER (OCLC) | |
| -- | 9355 |
| 008 - FIXED-LENGTH DATA ELEMENTS--GENERAL INFORMATION | |
| fixed length control field | 081218t 1994xxu||||| |||| 00| 0 eng d |
| 020 ## - INTERNATIONAL STANDARD BOOK NUMBER | |
| International Standard Book Number | 1858051908 |
| 082 ## - DEWEY DECIMAL CLASSIFICATION NUMBER | |
| Classification number | 657 |
| Item number | ACC |
| 245 ## - TITLE STATEMENT | |
| Title | Accounting and finance in business/ |
| Remainder of title | Mike Bendrey, Roger Hussey and Colston West ; edited by Jill Hussey. |
| 250 ## - EDITION STATEMENT | |
| Edition statement | 4th ed. |
| 260 ## - PUBLICATION, DISTRIBUTION, ETC. (IMPRINT) | |
| Place of publication, distribution, etc | London : |
| Name of publisher, distributor, etc | DP Publications, |
| Date of publication, distribution, etc | 1994 |
| 260 ## - PUBLICATION, DISTRIBUTION, ETC. (IMPRINT) | |
| Name of publisher, distributor, etc | Distributer: Al-Ahram |
| 300 ## - PHYSICAL DESCRIPTION | |
| Extent | 633 p. ; |
| Dimensions | 25cm |
| 650 ## - SUBJECT ADDED ENTRY--TOPICAL TERM | |
| Topical term or geographic name as entry element | Finance. |
| 650 ## - SUBJECT ADDED ENTRY--TOPICAL TERM | |
| Topical term or geographic name as entry element | Accounting. |
| 650 ## - SUBJECT ADDED ENTRY--TOPICAL TERM | |
| Topical term or geographic name as entry element | Managerial accounting |
| 700 ## - ADDED ENTRY--PERSONAL NAME | |
| Personal name | Hussey, Roger |
| 700 ## - ADDED ENTRY--PERSONAL NAME | |
| Personal name | West, Colston. |
| 700 ## - ADDED ENTRY--PERSONAL NAME | |
| Personal name | Collis, Jill. |
| 9 (RLIN) | 1512 |
| 942 ## - ADDED ENTRY ELEMENTS (KOHA) | |
| Item type | Book - Borrowing |
| Call number prefix | 657ACC |
| Source of classification or shelving scheme | Dewey Decimal Classification |
| Withdrawn status | Item status | Source of classification or shelving scheme | Damaged status | Not for loan | Home library | Current library | Shelving location | Date acquired | Source of acquisition | Total Checkouts | Full call number | Barcode | Date last seen | Date last borrowed | Koha item type | Vendor | Cost, normal purchase price |
|---|---|---|---|---|---|---|---|---|---|---|---|---|---|---|---|---|---|
| Dewey Decimal Classification | Central Library | Central Library | First floor | 05/05/2008 | Purchase | 1 | 657 ACC | 000011351 | 15/07/2025 | 21/03/2016 | Book - Borrowing | ||||||
| Dewey Decimal Classification | Central Library | Central Library | First floor | 04/02/2009 | 657 ACC | 000014610 | 15/07/2025 | Book - Borrowing | Alahram | 43.00 |